00505nam a22001697a 4500003000400000005001700004008004100021040000800062082001500070100002200085245008700107260005600194300001100250630001200261648004100273648002100314OSt20181206144424.0181206b ||||| |||| 00| 0 eng d cDLC a266bH225A aHammond, Frank D. aGod warns America, arise, oh, church! :bin a night vision /cBy Frank D. Hammond. aTexas, USA :bChrist Centered Publications,cc1985. a29 p.: aAmerica aIn A Night VisionxGod Warns America aArisexOh Church